Normal view
MARC view
- ابن شدقم؛ عزت، محمد زينهم محمد تقديم وتحقيق، الهامي، عائشة تقديم وتحقيق، الشرقاوي، مديحة تقديم وتحقيق
Entry Personal Name
001 - CONTROL NUMBER
- control field: 35509
003 - CONTROL NUMBER IDENTIFIER
- control field: JO-AjAnu
005 - DATE AND TIME OF LATEST TRANSACTION
- control field: 20230606075934.0
008 - FIXED-LENGTH DATA ELEMENTS
- fixed length control field: 230606|| aca||aabn | a|a d
040 ## - CATALOGING SOURCE
- Original cataloging agency: JO-AjAnu
- Transcribing agency: JO-AjAnu
100 ## - HEADING--PERSONAL NAME
- Personal name: ابن شدقم؛ عزت، محمد زينهم محمد تقديم وتحقيق، الهامي، عائشة تقديم وتحقيق، الشرقاوي، مديحة تقديم وتحقيق
670 ## - SOURCE DATA FOUND
- Source citation: Work cat.: (JO-AjAnu)18236: ابن شدقم؛ عزت، محمد زينهم محمد تقديم وتحقيق، الهامي، عائشة تقديم وتحقيق، الشرقاوي، مديحة تقديم وتحقيق, author, عجالة المبتدىء وفضالة المنتهى في النسب للإمام الحازمي يلية نخبة الزهرة الثمينة في نسب اشراف المدينة